La Nueva corrupción: tipologíay aproximaciones teóricas desde el caso Fujimori-Montesinos /
En el Perú de los años 90 se observaron distintos tipos de corrupción. Durante esa década, las ideas y los votos fueron bienes y servicios transables de poca monta, habiéndose registrado en video los pagos a congresistas de la oposición y sobre todo a los dueños de los medios masivos más importantes...
Gardado en:
| Autor Principal: | |
|---|---|
| Formato: | Texto |
| Materias: | |
| Etiquetas: |
Engadir etiqueta
Sen Etiquetas, Sexa o primeiro en etiquetar este rexistro!
|
MARC
| LEADER | 00000 a a2200000 04500 | ||
|---|---|---|---|
| 001 | 10758 | ||
| 003 | |||
| 040 | |||
| 100 | |a Ugarteche, Oscar | ||
| 245 | |a La Nueva corrupción: |b tipologíay aproximaciones teóricas desde el caso Fujimori-Montesinos / |c Oscar Ugarteche | ||
| 520 | |a En el Perú de los años 90 se observaron distintos tipos de corrupción. Durante esa década, las ideas y los votos fueron bienes y servicios transables de poca monta, habiéndose registrado en video los pagos a congresistas de la oposición y sobre todo a los dueños de los medios masivos más importantes, en las oficinas del Servicio de Inteligencia Nacional, para socavar los principios de la democracia y traicionar su papel de controladores del poder | ||
| 650 | |a CORRUPCION | ||
| 650 | |a ADMINISTRACION PUBLICA | ||
| 650 | |a CRISIS POLITICA | ||
| 773 | |g número 194; páginas 91-104 | ||
| 999 | |c 39778 |d 39778 | ||
